Jean-Baptiste Lecuit, L’Anthropologie théologique à la lumière de la psychanalyse. La contribution majeure d’Antoine Vergote, Paris, Le Cerf, coll. « Cogitatio Fidei », 2007, 678 p., 55 € (notice n° 1657853)
[ vue normale ]
| 000 -LEADER | |
|---|---|
| fixed length control field | 00652cam a2200145 4500500 |
| 005 - DATE AND TIME OF LATEST TRANSACTION | |
| control field | 20260208010722.0 |
| 041 ## - LANGUAGE CODE | |
| Language code of text/sound track or separate title | fre |
| 042 ## - AUTHENTICATION CODE | |
| Authentication code | dc |
| 100 10 - MAIN ENTRY--PERSONAL NAME | |
| Personal name | Dubray, Jean |
| Relator term | author |
| 245 00 - TITLE STATEMENT | |
| Title | Jean-Baptiste Lecuit, L’Anthropologie théologique à la lumière de la psychanalyse. La contribution majeure d’Antoine Vergote, Paris, Le Cerf, coll. « Cogitatio Fidei », 2007, 678 p., 55 € |
| 260 ## - PUBLICATION, DISTRIBUTION, ETC. | |
| Date of publication, distribution, etc. | 2011.<br/> |
| 500 ## - GENERAL NOTE | |
| General note | 4 |
| 786 0# - DATA SOURCE ENTRY | |
| Note | Revue philosophique de la France et de l'étranger | 136 | 1 | 2011-03-16 | p. 85u-110u | 0035-3833 |
| 856 41 - ELECTRONIC LOCATION AND ACCESS | |
| Uniform Resource Identifier | <a href="https://shs.cairn.info/revue-philosophique-2011-1-page-85u?lang=fr&redirect-ssocas=7080">https://shs.cairn.info/revue-philosophique-2011-1-page-85u?lang=fr&redirect-ssocas=7080</a> |
Pas d'exemplaire disponible.




Réseaux sociaux